|
|
|
|
| LEADER |
00000nab a2200000 a 4500 |
| 001 |
vtls000635559 |
| 003 |
SK-MaSNL |
| 005 |
20260304181333.0 |
| 008 |
160314c1997 xo 0 slo |
| 015 |
|
|
|a SNBRB19rr/mm-uuuuu
|
| 035 |
|
|
|a CL0635698
|
| 040 |
|
|
|a SNKBUCL
|b slo
|c SNKBUCL
|e AACR2
|
| 041 |
0 |
|
|a slo
|
| 044 |
|
|
|a xo
|c SK
|
| 080 |
|
|
|a 82.033(048):885.4-3
|2 1981
|
| 080 |
|
|
|a 885.4-3.033(048)
|2 1981
|
| 100 |
1 |
|
|a Suballyová, Ľubica
|4 aut
|9 268637
|
| 245 |
1 |
0 |
|a Rezonancie literatúry
|c Ľubica Suballyová
|
| 650 |
0 |
7 |
|a slovenská literatúra
|2 snkbucl
|9 1115
|
| 650 |
0 |
7 |
|a osobnosti
|2 snkbucl
|9 29820
|
| 650 |
0 |
7 |
|a slovenskí spisovatelia
|2 snkbucl
|9 1258
|
| 650 |
0 |
7 |
|a profily
|2 snkbucl
|9 28648
|
| 655 |
|
7 |
|a recenzie
|2 snkbucl
|9 21907
|
| 773 |
0 |
|
|t Pravda
|g Roč. 7, č. 215 (19. 9. 1997), s. 15
|
| 787 |
0 |
8 |
|i Rec.:
|a Šikula, Bystrík
|t Generačné portréty 1. Premeny ohňa
|d Bratislava : Národné literárne centrum, 1997
|
| 787 |
0 |
8 |
|i Rec.:
|a Bodacz, Bohuš
|t Generačné portréty 1. Premeny ohňa
|d Bratislava : Národné literárne centrum, 1997
|
| 850 |
|
|
|a Slovenská národná knižnica v Martine
|a MTA001
|
| 852 |
|
|
|a SNK
|b KIS3GCP
|
| 958 |
|
|
|a LX
|
| 958 |
|
|
|a SK
|
| 958 |
|
|
|a RK
|
| 958 |
|
|
|a RBX
|
| 999 |
|
|
|c 3023331
|d 3025261
|